Dactylographie rapide : 1 à 50 - Statistiques

Statistiques générales
  • Ce quiz a été pris 1 392 fois
  • Le résultat moyen est 46 sur 50
Statistiques - réponses
Réponse % Correct
1
100%
2
99%
3
98%
4
98%
5
97%
6
97%
8
97%
7
96%
9
96%
10
95%
11
94%
12
94%
13
93%
14
93%
15
93%
17
93%
21
93%
16
92%
18
92%
19
92%
20
92%
22
92%
23
92%
25
92%
24
91%
26
91%
27
91%
28
91%
31
91%
32
91%
41
91%
29
90%
30
90%
33
90%
34
90%
35
90%
36
90%
37
90%
38
90%
39
90%
40
90%
42
90%
43
90%
44
90%
45
90%
46
90%
47
90%
48
90%
49
90%
50
90%
Aucun quiz correspondant
Distribution des résultats
% des personnes avec chaque résultat
Percentile par nombre de réponses
Votre historique - résultats
Vous n’avez pas pris ce quiz